=LDR 00000nam 2200000 4500 =001 INLIS000000000016774 =005 20130612112024 =008 ***********************************Ind** =035 ##$$0010-061300000016774 =041 ##$$a Ind =082 ##$$a 028.5 =090 ##$$a 028.5, Ass k =100 ##$$a As Sa'dawi, Muhammad =245 ##$$a Kisah ahli waris, Mohammad As Sa'dawi =260 ##$$a 20 cm $b Jakarta =300 ##$$a 20 hlm, ilus, 20 cm =650 ##$$a Bacaan anak-anak =850 ##$$a NBPNMAT